<?xml version='1.0' encoding='UTF-8'?>
  <record xmlns="http://www.loc.gov/MARC21/slim">
    <leader>00000cam a2200000 a 4500</leader>
    <controlfield tag="001">ocm23999529</controlfield>
    <controlfield tag="003">OCoLC</controlfield>
    <controlfield tag="005">20250607161547.1</controlfield>
    <controlfield tag="008">900628m18841902enka     b    000 0 eng d</controlfield>
    <datafield tag="040" ind1=" " ind2=" ">
      <subfield code="a">PAU</subfield>
      <subfield code="b">eng</subfield>
      <subfield code="c">PAU</subfield>
      <subfield code="d">MUQ</subfield>
      <subfield code="d">OCLCG</subfield>
      <subfield code="d">KRTAS</subfield>
      <subfield code="d">OCLCQ</subfield>
      <subfield code="d">OCLCF</subfield>
      <subfield code="d">OCLCQ</subfield>
      <subfield code="d">OCLCO</subfield>
      <subfield code="d">OCLCA</subfield>
      <subfield code="d">OCLCO</subfield>
      <subfield code="d">OCLCQ</subfield>
      <subfield code="d">NTE</subfield>
      <subfield code="d">OCLCL</subfield>
      <subfield code="d">OCLCQ</subfield>
      <subfield code="d">OCLCL</subfield>
    </datafield>
    <datafield tag="029" ind1="1" ind2=" ">
      <subfield code="a">AU@</subfield>
      <subfield code="b">000044501251</subfield>
    </datafield>
    <datafield tag="029" ind1="1" ind2=" ">
      <subfield code="a">NLGGC</subfield>
      <subfield code="b">175561028</subfield>
    </datafield>
    <datafield tag="035" ind1=" " ind2=" ">
      <subfield code="a">(OCoLC)23999529</subfield>
    </datafield>
    <datafield tag="050" ind1=" " ind2="4">
      <subfield code="a">SF911</subfield>
      <subfield code="b">.F6</subfield>
    </datafield>
    <datafield tag="082" ind1="0" ind2="4">
      <subfield code="a">619</subfield>
      <subfield code="q">OCoLC</subfield>
      <subfield code="1">https://id.oclc.org/worldcat/ddc/E3dRWtyg7GcyTG9JfD9tkX6Dx4</subfield>
    </datafield>
    <datafield tag="100" ind1="1" ind2=" ">
      <subfield code="a">Fleming, George,</subfield>
      <subfield code="d">1833-1901.</subfield>
      <subfield code="1">https://id.oclc.org/worldcat/entity/E39PBJc3Kvd9vhmVK3HKM83YT3</subfield>
    </datafield>
    <datafield tag="245" ind1="1" ind2="2">
      <subfield code="a">A text-book of operative veterinary surgery /</subfield>
      <subfield code="c">by George Fleming.</subfield>
    </datafield>
    <datafield tag="246" ind1="3" ind2=" ">
      <subfield code="a">Operative veterinary surgery</subfield>
    </datafield>
    <datafield tag="260" ind1=" " ind2=" ">
      <subfield code="a">London :</subfield>
      <subfield code="b">Baillière, Tindall, and Cox ;</subfield>
      <subfield code="a">New York :</subfield>
      <subfield code="b">William R. Jenkins,</subfield>
      <subfield code="c">1884-1902.</subfield>
    </datafield>
    <datafield tag="300" ind1=" " ind2=" ">
      <subfield code="a">2 volumes :</subfield>
      <subfield code="b">illustrations ;</subfield>
      <subfield code="c">24 cm</subfield>
    </datafield>
    <datafield tag="336" ind1=" " ind2=" ">
      <subfield code="a">text</subfield>
      <subfield code="b">txt</subfield>
      <subfield code="2">rdacontent</subfield>
    </datafield>
    <datafield tag="337" ind1=" " ind2=" ">
      <subfield code="a">unmediated</subfield>
      <subfield code="b">n</subfield>
      <subfield code="2">rdamedia</subfield>
    </datafield>
    <datafield tag="338" ind1=" " ind2=" ">
      <subfield code="a">volume</subfield>
      <subfield code="b">nc</subfield>
      <subfield code="2">rdacarrier</subfield>
    </datafield>
    <datafield tag="504" ind1=" " ind2=" ">
      <subfield code="a">Includes bibliographical references.</subfield>
    </datafield>
    <datafield tag="650" ind1=" " ind2="0">
      <subfield code="a">Veterinary surgery.</subfield>
    </datafield>
    <datafield tag="650" ind1=" " ind2="2">
      <subfield code="a">Surgery, Veterinary</subfield>
    </datafield>
    <datafield tag="650" ind1=" " ind2="6">
      <subfield code="a">Chirurgie vétérinaire.</subfield>
    </datafield>
    <datafield tag="650" ind1=" " ind2="7">
      <subfield code="a">Veterinary surgery.</subfield>
      <subfield code="2">fast</subfield>
      <subfield code="0">(OCoLC)fst01166097</subfield>
    </datafield>
    <datafield tag="752" ind1=" " ind2=" ">
      <subfield code="a">Great Britain</subfield>
      <subfield code="b">England</subfield>
      <subfield code="d">London.</subfield>
    </datafield>
    <datafield tag="758" ind1=" " ind2=" ">
      <subfield code="i">has work:</subfield>
      <subfield code="a">A textbook of operative veterinary surgery (Text)</subfield>
      <subfield code="1">https://id.oclc.org/worldcat/entity/E39PCFDr8Gg849qQK4HY4PHvjK</subfield>
      <subfield code="4">https://id.oclc.org/worldcat/ontology/hasWork</subfield>
    </datafield>
    <datafield tag="776" ind1="0" ind2="8">
      <subfield code="i">Online version:</subfield>
      <subfield code="a">Fleming, George, 1833-1901.</subfield>
      <subfield code="t">Text-book of operative veterinary surgery.</subfield>
      <subfield code="d">London : Baillière, Tindall, and Cox ; New York : W.R. Jenkins, 1884-1902</subfield>
      <subfield code="w">(OCoLC)919789471</subfield>
    </datafield>
    <datafield tag="938" ind1=" " ind2=" ">
      <subfield code="a">Kirtas Technologies, Inc.</subfield>
      <subfield code="b">KRTS</subfield>
      <subfield code="n">264386</subfield>
    </datafield>
  </record>